Problems in urban real estate appraisal with suggested solutions (Record no. 410189)

000 -LEADER
fixed length control field 00425cam a22001217a 4500
008 - FIXED-LENGTH DATA ELEMENTS--GENERAL INFORMATION
fixed length control field 180718b1967 xxu||||| |||| 00| 0 eng d
082 ## - DEWEY DECIMAL CLASSIFICATION NUMBER
Classification number L2312 Am35
245 ## - TITLE STATEMENT
Title Problems in urban real estate appraisal with suggested solutions
Statement of responsibility, etc. By American institute of real estate appraisers
250 ## - EDITION STATEMENT
Edition statement 4th
260 ## - PUBLICATION, DISTRIBUTION, ETC.
Place of publication, distribution, etc. Chicago
Name of publisher, distributor, etc. American institute of real estate appraisers
Date of publication, distribution, etc. 1967
300 ## - PHYSICAL DESCRIPTION
Extent 220p
650 ## - SUBJECT ADDED ENTRY--TOPICAL TERM
Topical term or geographic name entry element Real property - Valuation
Holdings
Withdrawn status Lost status Damaged status Not for loan Permanent Location Current Location Date acquired Full call number Barcode Date last seen Price effective from Koha item type
        Indian Institute of Public Administration Indian Institute of Public Administration 2009-01-14 L2312 Am35 DA1472 2018-07-21 2018-07-21 DA

Powered by Koha